000 00592 a2200205 4500
003 OSt
005 20230322092132.0
008 220726b2012 mx |||f |||| 001 0 spa d
020 _a9786071713568
040 _cCHAP
082 0 4 _a639.8
_bG64
_222
100 1 _948694
_aGonzález Arguinzones, Ubaldo
245 1 0 _aAcuacultura /
_cpor Ubaldo González Arguinzones
264 1 _aMéxico:
_bTrillas,
_c2012.
300 _a208 páginas.
504 _aIncluye índice y bibliografía
650 2 _9139911
_aAcuacultura
_xProducción
650 2 _9145776
_aAgropiscicultura
942 _2ddc
_cLIBRO
999 _c217329
_d217329